000 01150cam a22002771i 4500
003 SA-RiAUC
005 20250413081454.0
008 250412s2007 jo g 000 0 ara c
020 _a9957290347
040 _aSA-RiKAPL
_bara
_cSA-RiAUC
_erda
082 0 4 _a251
_qSA-RiAUC
090 _a251
_b م ل ح
100 1 _aملحم، محمد همام عبد الرحيم
_eمؤلف.
245 1 0 _aتأصيل فقه الأولويات :
_bدراسة مقاصدية تحليلية /
_cمحمد همام عبد الرحيم ملحم ؛ تقديم محمد نعيم ياسين.
250 _aالطبعة الأولى.
264 1 _aعمان، الأردن :
_bدار العلوم للنشر والتوزيع،
_c2007
300 _a411 صفحة ؛
_c24 سم.
336 _aنص
_btxt
_2rdacontent
_3كتاب
337 _aبدون وسيط
_bn
_2rdamedia
338 _aمجلد
_bnc
_2rdacarrier
563 _aتجليد سلوفان شمواه.
650 7 _aأصول الفقه الإسلامي
_2aucsh
700 1 _aياسين، محمد نعيم عبد السلام
_eمقدم.
942 _2ddc
_cBOOK
_n0
949 _aSA-JeALM
_d250412
_uosman123
_n1
999 _c6970
_d6970